[Event "Women Team Championship Preliminaries"]
[Site "Mulhouse"]
[Date "2016.05.05"]
[Round "1.4"]
[White "Lomandong, Noela-Joyce"]
[Black "Huisman, Chloe"]
[Result "1-0"]
[WhiteElo "1807"]
[BlackElo "1948"]
[PlyCount "49"]
[EventDate "2016.05.05"]
[EventType "team"]
[EventRounds "5"]
[EventCountry "FRA"]
[WhiteTeam "Monaco"]
[BlackTeam "Evry"]

1. Nf3 c5 2. g3 Nc6 3. Bg2 g6 4. c4 Bg7 5. O-O d6 6. Nc3 e5 7. d3 Nge7 8. a3
O-O 9. Rb1 h6 10. b4 Rb8 11. Be3 Nd4 12. bxc5 dxc5 13. Na4 Nxf3+ 14. exf3 b6
15. Nxc5 Qc7 16. Qb3 Nc6 17. Ne4 Rd8 18. Rfd1 Nd4 19. Bxd4 Rxd4 20. Nc3 Be6 21.
Nb5 Qd7 22. Nxd4 Qxd4 23. Qa4 Rd8 24. Qxa7 Bxc4 25. dxc4 1-0